000 00881nam a2200229 a 4500
005 20200104041532.0
008 140305b1994 -Us||||| |||| 00| 0 eng d
040 _aCO-BoIAVH
_cCO-BoIAVH
041 _aspa
044 _axxu
090 _aLB
_b02252
100 _aBrautigam, Amie
_915963
111 _aPreparación para la Novena Reunión de la Conferencia de las Partes
_cLauderdale
_d1996
_941874
245 _aCITES
_bun instrumento para la conservación, una guía para enmendar los apéndices de la convención sobre el comercio internacional de especies amenazadas de fauna y flora silvestres
260 _aLauderdale
_bComisión de Supervivencia de Especies de la UICN
_c1994
300 _a129
650 _aCITES
_92790
650 _aConservación de biodiversidad
_9345
650 _aListas rojas UICN
_91359
650 _aCategorías UICN
_94282
942 _cINFORME
_2z
_01
999 _c2437
_d2437